00660nam a2200205Ia 4500008004100000020001700041040001400058082002100072100001900093245003800112250000800150260003600158300001300194365002800207366000800235505002000243620011500263630003800378730003800416100315s9999 xx 000 0 und d a8187111496  cENGLISH  b5012 a336.24  a"Mehta, N.V. " aIncome Tax Ready Reckoner 2005-06 a1  aMumbai bShri Kuber  c2005  a368p.   eRupees d1 b400.00  f0  gTushar Jadhav  a"Finance Act, House Property, Profits & Gains of Business or Profession,Assessment Year 2005-06, Wealth Tax " aIncome Tax Ready Reckoner 2005-06 aIncome Tax Ready Reckoner 2005-06